| 000 | 01254cam a22002773a 4500 | ||
|---|---|---|---|
| 001 | 37589 | ||
| 003 | PGUSA | ||
| 005 | 20140828083826.0 | ||
| 008 | 111001s2011||||xxu|||||s|||||000 | eng d | ||
| 040 |
_aPGUSA _beng |
||
| 042 | _adc | ||
| 050 | 4 | _aQ | |
| 100 | 1 |
_aBuckley, Arabella B. _q(Arabella Burton), _d1840-1929 |
|
| 245 | 1 | 0 |
_aThrough Magic Glasses and Other Lectures : _bA Sequel to The Fairyland of Science _h[electronic resource] / _cArabella B. Buckley |
| 260 |
_bProject Gutenberg, _c2011 |
||
| 505 | 0 | _aThe magician's chamber by moonlight -- Magic glasses and how to use them -- Fairy rings and how they are made -- The life-history of lichens and mosses -- The history of a lava stream -- An hour with the sun -- An evening among the stars -- Little beings from a miniature ocean -- The Dartmoor ponies -- The magician's dream of ancient days. | |
| 506 | _aPublic domain in the USA. | ||
| 516 | _aElectronic text | ||
| 653 | _aScience -- History -- Juvenile literature | ||
| 653 | _aNatural history -- Juvenile literature | ||
| 653 | _aScience -- Juvenile literature | ||
| 653 | _aPhysical sciences -- Juvenile literature | ||
| 830 | 0 |
_aProject Gutenberg _v37589 |
|
| 856 | 4 | 0 | _uhttp://www.gutenberg.org/ebooks/37589 |
| 942 | _cEB | ||
| 999 |
_c266843 _d266843 |
||